Statistics for Top 50 busiest stations in Europe

Click here to take the quiz!

General Stats

  • This quiz has been taken 28 times
  • The average score is 12 of 50

Answer Stats

rankCountryStation name% Correct
1FranceGare du Nord
81%
8GermanyBerlin Hbf
65%
11GermanyKöln Hbf
62%
5GermanyMünchen Hbf
62%
2GermanyHamburg Hbf
58%
4SwitzerlandZürich HB
58%
3GermanyFrankfurt(Main)Hbf
54%
6FranceGare de Lyon
50%
16GermanyHannover Hbf
50%
18GermanyStuttgart Hbf
50%
19GermanyDüsseldorf Hbf
46%
44GermanyBremen Hbf
42%
40GermanyEssen Hbf
42%
13AustriaWien Hbf
42%
29NetherlandsAmsterdam Centraal
38%
50GermanyLeipzig Hbf
38%
30SwitzerlandBern
35%
9ItalyMilano Centrale
35%
7ItalyRoma Termini
31%
36FranceGare Montparnasse
27%
22United KingdomLondon Victoria
27%
47GermanyHamburg-Altona
23%
17United KingdomLondon Waterloo
19%
21GermanyNürnberg Hbf
19%
28NetherlandsUtrecht Centraal
19%
31United KingdomLondon Liverpool Street
15%
10SpainMadrid Atocha
15%
41GermanyBerlin Alexanderplatz
12%
15GermanyBerlin Friedrichstraße
12%
23GermanyBerlin-Gesundbrunnen
12%
20GermanyBerlin Ostkreuz
12%
32FranceChâtelet–Les Halles
12%
33GermanyBerlin Südkreuz
8%
39ItalyBologna Centrale
8%
12FranceGare Saint-Lazare
8%
49ItalyNapoli Centrale
8%
42NorwayOslo sentralstasjon
8%
27ItalyTorino Porta Nuova
8%
38ItalyFirenze Santa Maria Novella
4%
37GermanyMünchen Marienplatz
4%
35GermanyMünchen Ostbf
4%
45ItalyRoma Tiburtina
4%
24FinlandHelsingin Päärautatieasema
0%
34FranceLa Défense
0%
48RussiaMoscow Kazansky
0%
26RussiaMoscow Kursky
0%
25RussiaMoscow Yaroslavsky
0%
46GermanyMünchen-Pasing
0%
43DenmarkNørreport
0%
14AustriaWien Mitte
0%

Score Distribution

Percentile by Number Answered

Percent of People with Each Score

Your Score History

You have not taken this quiz